How to run seminars and workshops : presentation skills for consultants, trainers, and teachers (Record no. 9566)

000 -LEADER
fixed length control field 00384nam a22001337a 4500
003 - CONTROL NUMBER IDENTIFIER
control field OSt
005 - DATE AND TIME OF LATEST TRANSACTION
control field 20210705103244.0
008 - FIXED-LENGTH DATA ELEMENTS--GENERAL INFORMATION
fixed length control field 210705b ||||| |||| 00| 0 eng d
020 ## - INTERNATIONAL STANDARD BOOK NUMBER
International Standard Book Number 9781119374343
082 ## - DEWEY DECIMAL CLASSIFICATION NUMBER
Classification number 658.456
Item number JOL
100 ## - MAIN ENTRY--PERSONAL NAME
Personal name Jolles, Robert L., 1957-
245 ## - TITLE STATEMENT
Title How to run seminars and workshops : presentation skills for consultants, trainers, and teachers
942 ## - ADDED ENTRY ELEMENTS (KOHA)
Source of classification or shelving scheme
Holdings
Withdrawn status Lost status Source of classification or shelving scheme Damaged status Koha normalized classification for sorting Not for loan Permanent location Current location Date acquired Full call number Barcode Date last seen Price effective from Koha item type
        658_456000000000000_JOL   BMS College of Architecture, Design and Planning BMS College of Architecture, Design and Planning 2021-07-05 658.456 JOL AR-RD120 2021-07-05 2021-07-05 R&D Books
Copyright © 2025, The Librarian, Library and Information Centre, BMSCA D&P, Bengaluru. All Rights Reserved
web counter

Powered by Koha